00598nam a2200145Ia 4500008004100000041001200041100001800053245010100071260003300172300000700205650001500212942000700227999001700234952020100251221030s9999 xx 000 0 und d aEnglish aR. P. Feynman 4aThe Feynman Lectures on Physics : Mainly Mechanics Radiation & Heat : Volume 1cby R. P. Feynman bAddison WesleyaLondonc1969 a52 aBB Physics cBK c18223d18223 pBB 964h1l0eDonated by Prof Mohinder Jain ( HOD Physics )r2025-05-17 00:00:00w2022-10-30yBK003Print4070aMIETLIBbMIETLIBcBL-Academic Block B, FL-2, CUP-101, SH-3, R-3d2019-05-2110HBB